Nedostatky klasického zaistenia a dôvody vzniku alternatívneho transferu rizika

Enregistré dans:
Détails bibliographiques
Auteur principal: Chmelová, Petra
Autres auteurs: Zelina, Jozef
Format: Chapitre de livre
Langue:slovaque
Tags: Ajouter un tag
Pas de tags, Soyez le premier à ajouter un tag!

MARC

LEADER 00000naa$a2200000$$$4500
001 0097711
005 20240502072059.1
041 0 |a slo 
044 |a SK 
245 1 0 |a Nedostatky klasického zaistenia a dôvody vzniku alternatívneho transferu rizika  |c Petra Chmelová, Jozef Zelina 
500 |a Abstrakty 
100 1 |a Chmelová, Petra 
700 1 |a Zelina, Jozef